000 01551nam a2200325 a 4500
001 BRCA_5452
005 20190320205102.0
008 171210s1748----mx-######v---#000-0#spa-#
041 _aspa
044 _amx
084 _aDOC74
_b.G37
_c1748
100 1 _aGarcía de Mendieta, Walth
_913926
245 1 0 _aDocumento de Walth García de Mendieta
_cWalth García de Mendieta, Sebastían de Torres, Antonio de Secca y Guzmán.
260 _aMéxico
_c1748
300 _a[5] fojas
_c31 x 22 cm.
500 _aDocumento expedido el 30 de octubre de 1748
500 _aSe presenta relación de la data de los gastos realizados por el contador Antonio Secca y Guzmán y data de haber entregado
_ 2,000 en plata a Don sebastián de Torres. Documento firmado por Walth García Mendieta.
500 _aPapel con marca de agua
500 _aEl documento tiene la leyenda DOC. #74
500 _aMargen superior tiene la leyenda: SELLO SEGUNDO Y UN QUARTILLO, A AÑOS DE MIL SETECIENTOS Y QUARENTA Y OCHO. Contiene sello Real Español
500 _aEstado de conservación: contiene márgenes maltratados
506 0 _aFondo reservado: para su consulta es necesario credencial de usuario y carta de motivos
546 _aTexto en: español de mediados del siglo XVIII
600 1 4 _aGarcía de Mendieta, Walth
_913926
650 1 4 _aDocumentos legales
_vManuscrito
_xHistoria
_yColonia, 1521-1821
_zMéxico
_913927
700 1 _aSecca y Guzmán, Antonio
_cContador
_913928
700 1 _aTorres, Sebastián de
_913929
902 _aFDH
942 _2lcc
_cD
999 _c5146
_d5146